000
00281nam a22001217a 4500
082
_a
941.0850924 MOO
100
_a
Mooney, Bel
_9
7366
245
_a
Differences Opinion
260
_a
Britain
_b
Robson Books
_c
1984
300
_a
210p.
_b
14cm.
650
_a
Opinion
_9
7367
942
_c
BK
999
_c
15301
_d
15301